Una guía práctica : (Registro nro. 10097)

Detalles MARC
000 -LIDER
fixed length control field 00981nam a22002777a 4500
001 - NÚMERO DE CONTROL
Identificador de número de control 00006956
003 - IDENTIFICACDOR DE NÚMERO DE CONTROL
control field DO-SdBNP
005 - DATE AND TIME OF LATEST TRANSACTION
control field 20160511145412.0
007 - CAMPOS FIJOS DE DESCRIPCIÓN FÍSICA
fixed length control field 00006956
008 - ELEMENTOS DE LONGITUD FIJA
fixed length control field 160511b 2001 dr a xxu||||| |||| 00| 0 spa d
020 ## - ISBN
International Standard Book Number 9993424056
040 ## - FUENTE DE CATALOGACIÓN
Agencia que crea de manera original el registro BPMSU
Idioma de catalogación spa
Agencia que realiza la transcripción BPMSU
092 ## - LOCALLY ASSIGNED DEWEY DECIMAL CALL NUMBER
Número de clasificación xxxxx
Número de ítem (Cutter) xxxxx
245 00 - MENCIÓN DE TITULO
Título Una guía práctica :
Subtítulo preparación y ejecución de talleres de capacitación /
Mención de responsabilidad Miguel Expósito Verdejo...[et al] ; ilustración Emilio J. Hidalgo.
246 00 - VARIACION DEL TÍTULO
Título propiamente dicho o título corto Preparación y ejecución de talleres de capacitación :
Subtítulo una guía práctica /
260 ## - PUBLICACIÓN, DISTRIBUCIÓN, ETC. (PIE DE IMPRENTA)
Lugar de publicación, distribución, etc Santo Domingo :
Nombre del editor, distribuidor, etc. Centro Cultural Poveda,
Fecha de publicación, distribución, etc 2001.
300 ## - DESCRIPCIÓN FÍSICA
Extensión 104 p. :
Otros detalles físicos il. ;
Dimensiones 27 cm.
500 ## - NOTA GENERAL
Nota general Proyecto Comunicación y Didáctica
700 1# - ASIENTO SECUNDARIO -- NOMBRE PERSONAL
Nombre personal Expósito Verdejo, Miguel
700 1# - ASIENTO SECUNDARIO -- NOMBRE PERSONAL
Nombre personal Grundmann, Gesa
700 1# - ASIENTO SECUNDARIO -- NOMBRE PERSONAL
Nombre personal Quezada, Luis
700 1# - ASIENTO SECUNDARIO -- NOMBRE PERSONAL
Nombre personal Valdez, Luisa
700 12 - ASIENTO SECUNDARIO -- NOMBRE PERSONAL
Nombre personal Hidalgo, Emilio J.
Mención de responsabilidad il.
942 ## - ADDED ENTRY ELEMENTS (KOHA)
Source of classification or shelving scheme Dewey Decimal Classification
Koha item type Libros
956 ## - LOCAL ELECTRONIC LOCATION AND ACCESS (OCLC)
Método de acceso LOPEREZ
Materiales especificados 10
Enlace 20161105
Campo enlazado y núm. de secuencia BPMSU
Nombre de host 00041
Existencias
Withdrawn status Lost status Source of classification or shelving scheme Damaged status Not for loan Collection code Home library Current library Date acquired Source of acquisition Total Checkouts Barcode Date last seen Copy number Price effective from Koha item type
    Dewey Decimal Classification       Biblioteca Pública Metropolitana Salomé Ureña Biblioteca Pública Metropolitana Salomé Ureña 05/11/2016 Donación   BPMSU16050254 05/11/2016 ej. 1 05/11/2016 Libros